[Event "21st Panam-ch"]
[Site "Mar del Plata ARG"]
[Date "2012.10.12"]
[Round "1.1"]
[White "Bruzon Batista, Lazaro"]
[Black "Fiori, Hector"]
[Result "1-0"]
[WhiteElo "2717"]
[BlackElo "2125"]
[EventDate "2012.10.12"]
[PlyCount "43"]

1.d4 Nf6 2.c4 e6 3.Nc3 c5 4.d5 exd5 5.cxd5 Bd6 6.g3 O-O 7.Bg2 a6 8.Nf3 Bc7
9.d6 Ba5 10.O-O Re8 11.Nd5 Nxd5 12.Qxd5 Nc6 13.Ng5 Qf6 14.Qd3 g6 15.Ne4 
Qe6 16.Qe3 Bd8 17.Nxc5 Qxe3 18.Bxe3 Bf6 19.Rfd1 Bxb2 20.Rab1 Ba3 21.Nxb7 
Rb8 22.Bxc6 1-0

[Event "21st Panam-ch"]
[Site "Mar del Plata ARG"]
[Date "2012.10.12"]
[Round "1.3"]
[White "Iturrizaga, Eduardo"]
[Black "Ferreira, Kleber Victor"]
[Result "1-0"]
[WhiteElo "2639"]
[BlackElo "2121"]
[EventDate "2012.10.12"]
[PlyCount "69"]

1.Nf3 f5 2.c4 Nf6 3.Nc3 d6 4.d4 e6 5.g3 Be7 6.Bg2 O-O 7.b4 Ne4 8.Bb2 a5 9.
b5 Nxc3 10.Bxc3 a4 11.O-O Nd7 12.Qc2 Qe8 13.e4 f4 14.e5 dxe5 15.dxe5 Qh5 
16.h3 g5 17.g4 Qh6 18.Rad1 Rf7 19.Rd2 Nf8 20.Qe4 Ng6 21.Rb1 Qf8 22.Rbd1 
Qh6 23.Rb1 Qf8 24.Rd3 a3 25.c5 Bxc5 26.Nxg5 Re7 27.Qc4 Re8 28.Ne4 Be7 29.
Qxc7 Nh4 30.Bb4 Qg7 31.Bxe7 Rxe7 32.Rd8+ Kf7 33.Nd6+ Kg6 34.Qc2+ Kh6 35.
Rxc8 1-0

[Event "21st Panam-ch"]
[Site "Mar del Plata ARG"]
[Date "2012.10.12"]
[Round "1.5"]
[White "Flores, Diego"]
[Black "Benedetti, Julio"]
[Result "1-0"]
[WhiteElo "2598"]
[BlackElo "2117"]
[EventDate "2012.10.12"]
[PlyCount "59"]

1.c4 Nf6 2.Nf3 g6 3.Nc3 Bg7 4.d4 d6 5.Bg5 O-O 6.e3 c5 7.Be2 Na6 8.O-O h6 
9.Bh4 g5 10.Bg3 Nh5 11.Qd2 Nxg3 12.hxg3 Nc7 13.Rfd1 cxd4 14.Nxd4 Bd7 15.
Rac1 Rb8 16.b4 a6 17.Nb3 Be6 18.Na5 Qd7 19.Bf3 b6 20.Nc6 Bxc4 21.Nd5 Nxd5 
22.Bxd5 Bxd5 23.Nxb8 Rxb8 24.Qxd5 Qa4 25.Rc7 Bf6 26.Qb3 Qb5 27.Rxd6 Qf5 
28.Qd3 Qe5 29.Rd8+ Rxd8 30.Qxd8+ 1-0

[Event "21st Panam-ch"]
[Site "Mar del Plata ARG"]
[Date "2012.10.12"]
[Round "1.7"]
[White "Mareco, Sandro"]
[Black "Salvatti, Diego"]
[Result "1-0"]
[WhiteElo "2581"]
[BlackElo "2112"]
[EventDate "2012.10.12"]
[PlyCount "65"]

1.d4 e6 2.c4 f5 3.g3 Nf6 4.Bg2 Be7 5.Nc3 O-O 6.Nf3 d5 7.O-O c6 8.Qb3 Qe8 
9.Ne5 Qh5 10.f3 Rd8 11.Be3 Nbd7 12.Rfd1 Nf8 13.Bf2 g5 14.e4 f4 15.Ne2 fxg3
16.hxg3 Ng6 17.g4 Qh6 18.cxd5 exd5 19.Ng3 Qf8 20.Be3 Ne8 21.exd5 cxd5 22.
f4 Nxe5 23.fxe5 Be6 24.Rf1 Qh6 25.Nf5 Bxf5 26.gxf5 Nc7 27.Rac1 Rac8 28.f6 
Bf8 29.Qxb7 Qh4 30.Rxc7 Rb8 31.Rg7+ Kh8 32.Qf7 Rxb2 33.Qg8# 1-0

[Event "21st Panam-ch"]
[Site "Mar del Plata ARG"]
[Date "2012.10.12"]
[Round "1.9"]
[White "Felgaer, Ruben"]
[Black "Baeta, Marcio Netto"]
[Result "1-0"]
[WhiteElo "2579"]
[BlackElo "2101"]
[EventDate "2012.10.12"]
[PlyCount "89"]

1.e4 Nf6 2.e5 Nd5 3.d4 d6 4.c4 Nb6 5.exd6 cxd6 6.Nc3 g6 7.Be3 Bg7 8.Rc1 
O-O 9.b3 Nc6 10.Nf3 Bg4 11.d5 Ne5 12.Be2 Nxf3+ 13.Bxf3 Bxf3 14.Qxf3 Nd7 
15.O-O a6 16.Qe2 Rc8 17.Ne4 Nf6 18.Nc3 Nd7 19.Bg5 Re8 20.Ne4 Nc5 21.Rfe1 
Nxe4 22.Qxe4 Qd7 23.h4 e5 24.dxe6 Rxe6 25.Qf3 Rce8 26.Rxe6 Rxe6 27.Rd1 Qc6
28.Qd3 b5 29.cxb5 Qxb5 30.Be3 Qxd3 31.Rxd3 Bf6 32.h5 Be7 33.h6 g5 34.Rc3 
Rxh6 35.Rc6 f5 36.Rxa6 Re6 37.Kf1 Kf7 38.a4 Re4 39.Rb6 f4 40.Bd2 Ke6 41.a5
Kd7 42.a6 Kc7 43.a7 Kxb6 44.a8=Q Re5 45.Bc3 1-0

[Event "21st Panam-ch"]
[Site "Mar del Plata ARG"]
[Date "2012.10.12"]
[Round "1.10"]
[White "Cervetto, Esteban"]
[Black "Ortiz Suarez, Isan Reynaldo"]
[Result "0-1"]
[WhiteElo "2100"]
[BlackElo "2579"]
[EventDate "2012.10.12"]
[PlyCount "92"]

1.e4 c5 2.Nf3 d6 3.d4 cxd4 4.Nxd4 Nf6 5.Nc3 a6 6.Bg5 Nbd7 7.Bc4 Qb6 8.Bb3 
e6 9.Qd2 Be7 10.O-O Nc5 11.Rfe1 O-O 12.h3 Qc7 13.Rad1 b5 14.a3 Bb7 15.Bxf6
Bxf6 16.Ba2 Rad8 17.Qe3 Rfe8 18.b4 Bxd4 19.Rxd4 Nd7 20.Red1 Rc8 21.Rxd6 
Ne5 22.Qb6 Qxb6 23.Rxb6 Ba8 24.f4 Ng6 25.f5 exf5 26.exf5 Nf4 27.Nd5 Ne2+ 
28.Kh2 Rxc2 29.Bb3 Rb2 30.Nc7 Nf4 31.Nxa8 Rxg2+ 32.Kh1 h5 33.Bd5 Rf2 34.
Be6 Rxa8 35.Bd7 Nxh3 36.f6 Ng5 37.Kg1 Ra2 38.Bc6 Nh3+ 39.Kf1 Rf2+ 40.Ke1 
Rxf6 41.Bxa8 Rxb6 42.Rd8+ Kh7 43.Bd5 Ng5 44.Rc8 Ne6 45.Rc6 Rxc6 46.Bxc6 g5
0-1

[Event "21st Panam-ch"]
[Site "Mar del Plata ARG"]
[Date "2012.10.12"]
[Round "1.11"]
[White "Shabalov, Alexander"]
[Black "Chiari, Arthur Gontijo"]
[Result "1/2-1/2"]
[WhiteElo "2570"]
[BlackElo "2098"]
[EventDate "2012.10.12"]
[PlyCount "88"]

1.c4 Nf6 2.Nc3 d5 3.d4 g6 4.Nf3 Bg7 5.Qb3 dxc4 6.Qxc4 O-O 7.e4 Nc6 8.Bf4 
Nd7 9.Rd1 Nb6 10.Qc5 Bg4 11.Nb5 Bxf3 12.gxf3 e5 13.dxe5 Qh4 14.Bg3 Qh5 15.
Be2 Nxe5 16.Qe3 Nec4 17.Qb3 c6 18.Nc3 Nxb2 19.Qxb2 Qa5 20.O-O Qxc3 21.Qb1 
Qb2 22.Qxb2 Bxb2 23.Rb1 Bd4 24.a4 Nxa4 25.Rxb7 Bb6 26.Rc1 Nc5 27.Re7 Bd8 
28.Rxa7 Rxa7 29.Rxc5 h5 30.Kg2 Bc7 31.Bh4 Bd8 32.Bg3 Bc7 33.Bh4 Bf4 34.
Rxc6 Rc7 35.Ra6 Rb8 36.Bf6 Rc5 37.Ra7 Be5 38.Bxe5 Rxe5 39.Bc4 Rf8 40.Bd5 
Rg5+ 41.Kf1 Kg7 42.h3 Re5 43.Kg2 Rfe8 44.Kg3 Rd8 1/2-1/2

[Event "21st Panam-ch"]
[Site "Mar del Plata ARG"]
[Date "2012.10.12"]
[Round "1.12"]
[White "Fonseca, Luis Ernesto Serra"]
[Black "Matamoros Franco, Carlos"]
[Result "0-1"]
[WhiteElo "2096"]
[BlackElo "2534"]
[EventDate "2012.10.12"]
[PlyCount "58"]

1.e4 e6 2.d3 c5 3.Na3 d5 4.c3 Nc6 5.Nf3 Nf6 6.Nd2 Be7 7.Be2 Rb8 8.O-O O-O 
9.Re1 b5 10.exd5 Nxd5 11.Nxb5 Rxb5 12.c4 Rb6 13.cxd5 exd5 14.Nb3 Be6 15.
Rb1 c4 16.Na1 Bf6 17.Nc2 Qb8 18.Ne3 c3 19.b3 Nd4 20.Nc2 Rc8 21.Nxd4 Bxd4 
22.Qc2 a5 23.Be3 Bxe3 24.fxe3 d4 25.exd4 a4 26.bxa4 Rb2 27.Rxb2 cxb2 28.
Qb1 Qb4 29.Rd1 Qa3 0-1

[Event "21st Panam-ch"]
[Site "Mar del Plata ARG"]
[Date "2012.10.12"]
[Round "1.13"]
[White "Hernandez Guerrero, Gilberto"]
[Black "Okamura, Milton Kasuo"]
[Result "1-0"]
[WhiteElo "2531"]
[BlackElo "2092"]
[EventDate "2012.10.12"]
[PlyCount "47"]

1.e4 e5 2.Bc4 Bc5 3.Nf3 Nc6 4.O-O Nf6 5.d4 Bxd4 6.Nxd4 Nxd4 7.f4 d6 8.fxe5
dxe5 9.Bg5 Qe7 10.Na3 Bd7 11.Qe1 b5 12.c3 Ne6 13.Bxe6 Qxe6 14.Bxf6 gxf6 
15.Nc2 Qb6+ 16.Kh1 f5 17.Ne3 f4 18.Nd5 Qd6 19.Qh4 f5 20.Rad1 Kf7 21.Nxf4 
Qe7 22.Qh5+ Kg8 23.Nd5 Qd8 24.Qh6 1-0

[Event "21st Panam-ch"]
[Site "Mar del Plata ARG"]
[Date "2012.10.12"]
[Round "1.15"]
[White "Cori Tello, Jorge"]
[Black "Crespo, Eugenio"]
[Result "1-0"]
[WhiteElo "2522"]
[BlackElo "2076"]
[EventDate "2012.10.12"]
[PlyCount "59"]

1.d4 e6 2.Nf3 d5 3.c4 Nf6 4.g3 Bb4+ 5.Bd2 Be7 6.Bg2 O-O 7.Qc2 b6 8.cxd5 
exd5 9.O-O c5 10.Rd1 Nbd7 11.Nc3 Bb7 12.dxc5 bxc5 13.Nh4 Qb6 14.Nf5 Rfe8 
15.Bg5 d4 16.Na4 Qa6 17.Bxf6 gxf6 18.Qd3 Rab8 19.Qxa6 Bxa6 20.Bc6 Bb5 21.
Bxb5 Rxb5 22.b3 Ne5 23.Rac1 Bf8 24.e3 dxe3 25.Nxe3 Bh6 26.f4 Nf3+ 27.Kf2 
Nd4 28.Nxc5 Ne6 29.Ne4 Bg7 30.Nd6 1-0

[Event "21st Panam-ch"]
[Site "Mar del Plata ARG"]
[Date "2012.10.12"]
[Round "1.17"]
[White "Mekhitarian, Krikor Sevag"]
[Black "Pirola, Marcos"]
[Result "1-0"]
[WhiteElo "2503"]
[BlackElo "2070"]
[EventDate "2012.10.12"]
[PlyCount "119"]

1.e4 Nf6 2.e5 Nd5 3.d4 d6 4.Nf3 g6 5.Bc4 Nb6 6.Bb3 Bg7 7.O-O O-O 8.h3 Nc6 
9.Qe2 dxe5 10.dxe5 Nd4 11.Nxd4 Qxd4 12.Re1 e6 13.Nd2 Nd5 14.Nf3 Qc5 15.Qe4
h6 16.h4 a5 17.h5 Ne7 18.hxg6 fxg6 19.Qg4 Kh7 20.Be3 Qb4 21.Qxb4 axb4 22.
Bc5 Re8 23.Bxb4 Nc6 24.Bc3 Na5 25.Rad1 Nxb3 26.axb3 b5 27.Nd4 Rb8 28.Bb4 
Kg8 29.Nc6 Rb6 30.Ne7+ Kh7 31.Bc5 Ra6 32.Nxc8 Rxc8 33.Rd7 Rc6 34.Be7 Rxc2 
35.Bf6 Rg8 36.Red1 g5 37.Rf7 Kg6 38.Rdd7 Bxf6 39.Rxf6+ Kh5 40.Rh7 g4 41.
Rhxh6+ Kg5 42.Rxe6 Rxb2 43.Ref6 Rxb3 44.e6 Rb1+ 45.Kh2 Re1 46.Kg3 Rg7 47.
f4+ gxf3 48.gxf3 Re3 49.Kf2 Ra3 50.f4+ Kg4 51.Rh1 Rg3 52.Rf7 Rxf7 53.Rh4+ 
Kxh4 54.exf7 Kg4 55.f8=Q Rf3+ 56.Ke2 Rxf4 57.Qc8+ Rf5 58.Ke3 Kg5 59.Qxc7 
Kf6 60.Ke4 1-0

[Event "21st Panam-ch"]
[Site "Mar del Plata ARG"]
[Date "2012.10.12"]
[Round "1.19"]
[White "Valerga, Diego"]
[Black "Romero, Fabian"]
[Result "1-0"]
[WhiteElo "2485"]
[BlackElo "2058"]
[EventDate "2012.10.12"]
[PlyCount "59"]

1.d4 Nc6 2.e4 e5 3.Nf3 exd4 4.Nxd4 Nge7 5.Nc3 Nxd4 6.Qxd4 Nc6 7.Qe3 Nb4 8.
Qe2 Be7 9.Be3 c6 10.a3 Na6 11.Qd2 Bc5 12.Bxa6 Bxe3 13.Qxe3 bxa6 14.Qc5 Qe7
15.Qd4 O-O 16.O-O-O Re8 17.f4 Qd8 18.e5 Qb6 19.Ne4 a5 20.Nd6 Re7 21.Qc3 g6
22.Rd4 Ba6 23.Ne4 Rd8 24.Rhd1 Be2 25.R1d2 Bh5 26.g4 c5 27.Rd6 Qb5 28.Rf2 
Qb7 29.Nf6+ Kf8 30.gxh5 1-0

[Event "21st Panam-ch"]
[Site "Mar del Plata ARG"]
[Date "2012.10.12"]
[Round "1.21"]
[White "Hungaski, Robert"]
[Black "Conde, Adrian"]
[Result "1-0"]
[WhiteElo "2451"]
[BlackElo "2053"]
[EventDate "2012.10.12"]
[PlyCount "51"]

1.Nf3 Nf6 2.c4 e6 3.g3 c5 4.Bg2 Nc6 5.O-O b6 6.d4 cxd4 7.Nxd4 Bb7 8.Nb5 d6
9.Bf4 e5 10.Bg5 a6 11.N5c3 Be7 12.Bxf6 gxf6 13.Nd5 Ra7 14.Nbc3 h5 15.e3 f5
16.f4 e4 17.Rf2 h4 18.Rd2 Na5 19.Qa4+ Bc6 20.Qb4 Rb7 21.Rad1 Bf8 22.Ne2 
Bxd5 23.Rxd5 hxg3 24.Rxa5 gxh2+ 25.Kh1 d5 26.Qa4+ 1-0

[Event "21st Panam-ch"]
[Site "Mar del Plata ARG"]
[Date "2012.10.12"]
[Round "1.22"]
[White "Monteiro, Marcos Paul de Souza"]
[Black "Slipak, Sergio"]
[Result "1/2-1/2"]
[WhiteElo "2040"]
[BlackElo "2447"]
[EventDate "2012.10.12"]
[PlyCount "56"]

1.d4 Nf6 2.c4 e6 3.Nf3 Bb4+ 4.Bd2 Qe7 5.a3 Bxd2+ 6.Qxd2 O-O 7.Nc3 d6 8.e3 
e5 9.Qc2 Bg4 10.dxe5 dxe5 11.Ng5 g6 12.Nge4 Nbd7 13.f3 Bf5 14.Nxf6+ Nxf6 
15.e4 Be6 16.Nd5 Qd8 17.O-O-O c6 18.Nf4 Qe7 19.Nxe6 Qxe6 20.c5 Qe7 21.Bc4 
Nd7 22.Rd6 Qg5+ 23.Rd2 b6 24.cxb6 axb6 25.Kb1 Nc5 26.Rhd1 Ra7 27.Rd6 Rc7 
28.f4 Nb7 1/2-1/2

[Event "21st Panam-ch"]
[Site "Mar del Plata ARG"]
[Date "2012.10.12"]
[Round "1.23"]
[White "Tristan, Leonardo"]
[Black "Sperb, Eduardo Quintana"]
[Result "1-0"]
[WhiteElo "2442"]
[BlackElo "2040"]
[EventDate "2012.10.12"]
[PlyCount "43"]

1.e4 d5 2.exd5 Nf6 3.d4 Nxd5 4.c4 Nb6 5.Nf3 Bg4 6.Be2 e6 7.O-O c5 8.Bg5 f6
9.Be3 Nc6 10.Nbd2 cxd4 11.Nxd4 Bxe2 12.Nxe2 Bb4 13.Nf4 Qd7 14.Qe2 O-O 15.
Nb3 Ne5 16.Rfd1 Qc6 17.c5 Nd5 18.Nd4 Nxf4 19.Bxf4 Qd5 20.Nc2 Qxc5 21.a3 
Ba5 22.b4 1-0

[Event "21st Panam-ch"]
[Site "Mar del Plata ARG"]
[Date "2012.10.12"]
[Round "1.24"]
[White "Jorquera Alfaro, Mauricio"]
[Black "Roselli Mailhe, Bernardo"]
[Result "1/2-1/2"]
[WhiteElo "2036"]
[BlackElo "2430"]
[EventDate "2012.10.12"]
[PlyCount "84"]

1.d4 Nf6 2.c4 g6 3.Nc3 Bg7 4.e4 d6 5.Nf3 O-O 6.Be2 e5 7.O-O Nc6 8.d5 Ne7 
9.Ne1 Ne8 10.Be3 f5 11.f3 f4 12.Bf2 h5 13.Rc1 g5 14.c5 Kh8 15.cxd6 cxd6 
16.Qc2 Ng8 17.Nb5 Bd7 18.Qb3 g4 19.a4 a6 20.Na3 Qg5 21.Kh1 Rc8 22.Rxc8 
Bxc8 23.Nc4 Nh6 24.Nb6 Qd8 25.Nxc8 Qxc8 26.Nd3 Nf7 27.Rc1 Qd7 28.Qc4 gxf3 
29.Bxf3 Ng5 30.Ne1 Nf6 31.Bh4 Bh6 32.Bxg5 Bxg5 33.b3 Kg7 34.Qc7 Rf7 35.
Qxd7 Rxd7 36.h3 Re7 37.Rc4 Kg6 38.a5 Rh7 39.Kg1 Ne8 40.Nc2 Bd8 41.Rc8 Rd7 
42.b4 Nf6 1/2-1/2

[Event "21st Panam-ch"]
[Site "Mar del Plata ARG"]
[Date "2012.10.12"]
[Round "1.25"]
[White "Barbosa, Evandro Amorim"]
[Black "Morelli, Nicolas"]
[Result "1-0"]
[WhiteElo "2427"]
[BlackElo "2036"]
[EventDate "2012.10.12"]
[PlyCount "77"]

1.e4 e5 2.Nf3 Nc6 3.Bb5 a6 4.Ba4 Nf6 5.O-O Be7 6.d3 b5 7.Bb3 d6 8.a4 Bb7 
9.Nc3 b4 10.Ne2 O-O 11.Ng3 Bc8 12.h3 Na5 13.Ba2 Be6 14.Bb1 h6 15.d4 exd4 
16.Nxd4 c5 17.Ndf5 Nc6 18.Re1 Qc7 19.Bf4 Rfd8 20.Qd2 Bf8 21.c3 b3 22.Bd3 
Ne5 23.Bf1 Ng6 24.c4 Nxf4 25.Qxf4 Nd7 26.Nh5 g6 27.Nxh6+ Bxh6 28.Qxh6 gxh5
29.Re3 Nf8 30.f4 Qe7 31.f5 Ng6 32.Rg3 Qf8 33.Qxh5 Qg7 34.fxe6 Ra7 35.exf7+
Kf8 36.Bd3 Qd4+ 37.Kh2 Rxf7 38.e5 Qxe5 39.Bxg6 1-0

[Event "21st Panam-ch"]
[Site "Mar del Plata ARG"]
[Date "2012.10.12"]
[Round "1.26"]
[White "Sanchez Sandoval, Gonzalo"]
[Black "Soppe, Guillermo"]
[Result "0-1"]
[WhiteElo "2029"]
[BlackElo "2417"]
[EventDate "2012.10.12"]
[PlyCount "54"]

1.e4 c6 2.d4 d5 3.exd5 cxd5 4.c4 Nf6 5.Nc3 g6 6.cxd5 Bg7 7.Bb5+ Bd7 8.Qb3 
Qb6 9.Bf4 O-O 10.Bxd7 Nbxd7 11.Nf3 Qa6 12.O-O-O Nb6 13.Rhe1 Rfc8 14.Kb1 
Qa5 15.Rxe7 Rxc3 16.bxc3 Nfxd5 17.Rde1 Nxe7 18.Rxe7 Qf5+ 19.Qc2 Qxf4 20.
Rxb7 Nc4 21.Rb3 Rc8 22.Qc1 Qe4+ 23.Ka1 h6 24.Ne1 Nb6 25.Nf3 Nd5 26.Qd2 a5 
27.Kb2 a4 0-1

[Event "21st Panam-ch"]
[Site "Mar del Plata ARG"]
[Date "2012.10.12"]
[Round "1.27"]
[White "Cori Tello, Deysi"]
[Black "Heinecke, Victor"]
[Result "1-0"]
[WhiteElo "2411"]
[BlackElo "2025"]
[EventDate "2012.10.12"]
[PlyCount "85"]

1.d4 Nf6 2.Nf3 g6 3.c4 c5 4.d5 b5 5.cxb5 a6 6.b6 Qxb6 7.Nc3 d6 8.e4 Nbd7 
9.Be2 Bg7 10.O-O O-O 11.Qc2 Qb7 12.Rb1 Nb6 13.b4 c4 14.Be3 Bd7 15.a4 Rac8 
16.Bd4 Bg4 17.a5 Na8 18.b5 axb5 19.Nxb5 Qa6 20.Na7 Rc7 21.Nc6 Rxc6 22.dxc6
Qxc6 23.Bxf6 Bxf6 24.Qxc4 Qd7 25.h3 Be6 26.Qb5 Qa7 27.a6 Ba2 28.Rb4 Bc3 
29.Qb7 Qc5 30.Rb5 Qa3 31.Qxe7 Qa4 32.a7 Bg7 33.Rb8 Qc2 34.Ba6 Bc4 35.Bxc4 
Qxc4 36.Qb7 Nc7 37.Rxf8+ Bxf8 38.Qxc7 Qxc7 39.a8=Q Qc3 40.Rb1 Qc5 41.Qd5 
Qc2 42.Qb3 Qxe4 43.Qxf7+ 1-0

[Event "21st Panam-ch"]
[Site "Mar del Plata ARG"]
[Date "2012.10.12"]
[Round "1.30"]
[White "Perez Wertheim, Rodolfo"]
[Black "Molina, Roberto Junio Brito"]
[Result "0-1"]
[WhiteElo "2015"]
[BlackElo "2400"]
[EventDate "2012.10.12"]
[PlyCount "78"]

1.d4 d5 2.Nf3 Nf6 3.Bf4 e6 4.e3 Bd6 5.Bg3 Bxg3 6.hxg3 Qd6 7.Nbd2 Nbd7 8.
Bd3 e5 9.dxe5 Nxe5 10.Nxe5 Qxe5 11.c3 Bg4 12.Nf3 Qe7 13.Qa4+ Bd7 14.Qf4 
O-O-O 15.O-O b6 16.Rfd1 g5 17.Qe5 Be6 18.Bf5 Nd7 19.Bxe6 fxe6 20.Qd4 c5 
21.Qa4 Kb8 22.b4 c4 23.Qc2 g4 24.Ne1 Nf6 25.f3 h5 26.e4 gxf3 27.gxf3 Qg7 
28.exd5 exd5 29.Qh2 Rdg8 30.Kf2 Qf7 31.Ke2 Ka8 32.Rd4 Qe6+ 33.Kf2 Re8 34.
Kg1 Rhf8 35.Rf4 Qe3+ 36.Qf2 Nd7 37.Ng2 Rxf4 38.Nxe3 Rxf3 39.Kg2 Rfxe3 0-1

[Event "21st Panam-ch"]
[Site "Mar del Plata ARG"]
[Date "2012.10.12"]
[Round "1.31"]
[White "Zuluaga Mancilla, Cesar"]
[Black "Postolski, Javier"]
[Result "1-0"]
[WhiteElo "2394"]
[BlackElo "2006"]
[EventDate "2012.10.12"]
[PlyCount "81"]

1.d4 Nf6 2.Nf3 c5 3.e3 b6 4.Nbd2 Bb7 5.Bd3 d5 6.Ne5 c4 7.Be2 Nbd7 8.f4 e6 
9.Bf3 Qc7 10.c3 b5 11.Qc2 Be7 12.O-O b4 13.e4 Rb8 14.Nxd7 Nxd7 15.e5 Qb6 
16.Rf2 g6 17.g4 Bh4 18.Rg2 a5 19.Nf1 g5 20.Kh1 gxf4 21.g5 Nf8 22.Bxf4 Ng6 
23.Bd2 b3 24.axb3 cxb3 25.Qb1 Ba6 26.Ne3 Qd8 27.Ng4 Bc4 28.Nf6+ Kf8 29.Be2
Bxe2 30.Rxe2 h6 31.Qg1 Ra8 32.Rf1 hxg5 33.Bxg5 Qc8 34.Rg2 Kg7 35.Bxh4 Rxh4
36.Qf2 Qh8 37.Nd7 f5 38.exf6+ Kf7 39.Rxg6 Rxh2+ 40.Qxh2 Qxh2+ 41.Kxh2 1-0

[Event "21st Panam-ch"]
[Site "Mar del Plata ARG"]
[Date "2012.10.12"]
[Round "1.32"]
[White "Santopietro, Gerardo"]
[Black "Rosito, Jorge"]
[Result "1/2-1/2"]
[WhiteElo "2006"]
[BlackElo "2387"]
[EventDate "2012.10.12"]
[PlyCount "40"]

1.e4 c5 2.Nf3 d6 3.d4 Nf6 4.dxc5 Qa5+ 5.Bd2 Qxc5 6.Bd3 a6 7.O-O e6 8.a4 b6
9.Ra3 Qc7 10.Rc3 Qd8 11.Qe2 Be7 12.Rd1 e5 13.Bg5 Ra7 14.Bc4 Rd7 15.Rcd3 
O-O 16.Nc3 Bb7 17.Bxf6 Bxf6 18.Bd5 Nc6 19.Bxc6 Bxc6 20.Nd5 Bxa4 1/2-1/2

[Event "21st Panam-ch"]
[Site "Mar del Plata ARG"]
[Date "2012.10.12"]
[Round "1.35"]
[White "Lujan, Carolina"]
[Black "Heinecke, Lucas"]
[Result "1-0"]
[WhiteElo "2379"]
[BlackElo "1978"]
[EventDate "2012.10.12"]
[PlyCount "59"]

1.e4 c5 2.Nf3 d6 3.c3 Nf6 4.Bd3 Bg4 5.O-O Nc6 6.Re1 a6 7.Bf1 g6 8.h3 Bxf3 
9.Qxf3 Bg7 10.d3 O-O 11.Be3 Nd7 12.Na3 b5 13.Rac1 Nb6 14.Qd1 Na4 15.Re2 
Qa5 16.Nb1 Rfc8 17.Rec2 Rab8 18.b3 Nb6 19.b4 Qa4 20.bxc5 dxc5 21.Bxc5 b4 
22.d4 Nd7 23.cxb4 Nxb4 24.Nc3 Qa5 25.Bxb4 Rxb4 26.Nd5 Rxc2 27.Qxc2 Rxd4 
28.Nxe7+ Kf8 29.Nc6 Rd2 30.Nxa5 1-0

[Event "21st Panam-ch"]
[Site "Mar del Plata ARG"]
[Date "2012.10.12"]
[Round "1.36"]
[White "Bulgarini Torre, Marco"]
[Black "Julia, Ernesto"]
[Result "0-1"]
[WhiteElo "1977"]
[BlackElo "2370"]
[EventDate "2012.10.12"]
[PlyCount "78"]

1.e4 e5 2.Nf3 Nc6 3.Bc4 Nf6 4.Nc3 Nxe4 5.O-O Nf6 6.Re1 Be7 7.Nxe5 Nxe5 8.
Rxe5 d6 9.Re1 d5 10.Bb3 O-O 11.d4 c6 12.Bg5 Be6 13.Qf3 Qd7 14.h3 Rae8 15.
a4 a5 16.Rad1 Bf5 17.Re5 Bg6 18.Ne2 Bd8 19.c4 dxc4 20.Rxe8 Rxe8 21.Bxc4 
Be4 22.Qb3 Bd5 23.Bxf6 Bxc4 24.Qxc4 Bxf6 25.Rd2 Rd8 26.Qc5 Qd5 27.Qb6 Rd7 
28.b3 Bd8 29.Qa7 Qxb3 30.Qc5 Qd5 31.Qc2 g6 32.g3 Bf6 33.h4 Qf5 34.Qxf5 
gxf5 35.Kg2 f4 36.g4 Bxh4 37.Nxf4 Bg5 38.Kf3 Rd6 39.Rd3 Rf6 0-1

[Event "21st Panam-ch"]
[Site "Mar del Plata ARG"]
[Date "2012.10.12"]
[Round "1.42"]
[White "Sepulveda Perez, Jorge Eduardo"]
[Black "Fabian, Gaston"]
[Result "0-1"]
[WhiteElo "1953"]
[BlackElo "2344"]
[EventDate "2012.10.12"]
[PlyCount "84"]

1.d4 Nf6 2.Nf3 g6 3.c4 Bg7 4.Nc3 d5 5.e3 O-O 6.Qb3 e6 7.Bd3 Nc6 8.cxd5 
exd5 9.O-O Ne7 10.Bd2 b6 11.Rac1 c5 12.Qd1 c4 13.Bb1 Nf5 14.b3 Nd6 15.Re1 
b5 16.bxc4 bxc4 17.Ne5 Be6 18.Na4 Nfe4 19.Bb4 a5 20.Ba3 Re8 21.Nc5 Nxc5 
22.Bxc5 Nb7 23.Ba3 Qc7 24.Nf3 Nd8 25.Bc2 Nc6 26.Rb1 Nb4 27.Ba4 Reb8 28.Qe2
Bf5 29.Ra1 Bd3 30.Qd1 c3 31.Bxb4 axb4 32.Bb3 Bc4 33.Qc2 Ra3 34.Reb1 Rba8 
35.Ne1 Bxb3 36.Rxb3 Qc4 37.Rxa3 Rxa3 38.h3 Bf8 39.g3 Qa6 40.Nd3 b3 41.Qxc3
bxa2 42.Ne5 Rxc3 0-1

[Event "21st Panam-ch"]
[Site "Mar del Plata ARG"]
[Date "2012.10.12"]
[Round "1.43"]
[White "Fulgenzi, Ernesto"]
[Black "Cortes Orihuela, Javier"]
[Result "1/2-1/2"]
[WhiteElo "2344"]
[BlackElo "1948"]
[EventDate "2012.10.12"]
[PlyCount "75"]

1.e4 c5 2.Nf3 d6 3.Nc3 Nf6 4.d4 cxd4 5.Nxd4 g6 6.Be2 Bg7 7.O-O Nc6 8.Nb3 
O-O 9.Bg5 Be6 10.Kh1 Rc8 11.f4 a5 12.a4 Nd7 13.f5 Bxb3 14.cxb3 Nc5 15.Bc4 
Kh8 16.Qe1 Ne5 17.Nd5 f6 18.Be3 Nxc4 19.bxc4 e6 20.fxe6 Nxe6 21.b3 Nc5 22.
Bxc5 Rxc5 23.Rd1 Qe8 24.Qh4 Qe6 25.Rf3 g5 26.Qf2 b5 27.cxb5 Rfc8 28.h3 Rc2
29.Qe3 g4 30.Nf4 Qd7 31.hxg4 Qxg4 32.Rdf1 Bh6 33.Rg3 Qh4+ 34.Rh3 Qg5 35.
Rg3 Qh4+ 36.Rh3 Qg5 37.Rg3 Qh4+ 38.Rh3 1/2-1/2

[Event "21st Panam-ch"]
[Site "Mar del Plata ARG"]
[Date "2012.10.12"]
[Round "1.44"]
[White "Epelboin, Matias"]
[Black "Gemy, Jose Daniel"]
[Result "0-1"]
[WhiteElo "1941"]
[BlackElo "2333"]
[EventDate "2012.10.12"]
[PlyCount "122"]

1.e4 e6 2.d4 d5 3.Nd2 c5 4.exd5 Qxd5 5.Ngf3 cxd4 6.Bc4 Qd6 7.O-O Nf6 8.Nb3
Nc6 9.Nbxd4 Nxd4 10.Qxd4 Bd7 11.Bf4 Qxd4 12.Nxd4 Nh5 13.Be3 a6 14.Nf3 Rc8 
15.Bd3 Bc5 16.Bd2 Bd6 17.g3 Nf6 18.Rae1 Ke7 19.Ne5 Bb5 20.Bxb5 axb5 21.c3 
Nd5 22.a3 Nb6 23.Nf3 Na4 24.Bc1 Rhd8 25.Nd4 Rc5 26.Rd1 Rd5 27.Nc2 Bc5 28.
Rxd5 Rxd5 29.Nb4 Bxb4 30.axb4 Rd3 31.Re1 Kd6 32.Kf1 f6 33.Ke2 Rd5 34.Rd1 
g5 35.Rxd5+ Kxd5 36.Kd3 Nb6 37.b3 g4 38.Be3 Nd7 39.c4+ Kc6 40.Bd4 e5 41.
Bc3 f5 42.Ke3 bxc4 43.bxc4 b5 44.c5 Kd5 45.f3 h5 46.fxg4 hxg4 47.Kd3 Nf6 
48.Bd2 Nd7 49.Be1 Nb8 50.Bd2 Nc6 51.Be1 Nd4 52.Ke3 Nf3 53.Bd2 Nxh2 54.Kf2 
Nf3 55.Bc3 Nd4 56.Ke3 f4+ 57.gxf4 exf4+ 58.Kf2 g3+ 59.Kg2 f3+ 60.Kf1 g2+ 
61.Kf2 Ne2 0-1

[Event "21st Panam-ch"]
[Site "Mar del Plata ARG"]
[Date "2012.10.12"]
[Round "1.45"]
[White "Leiva, Giuseppe"]
[Black "Lopez Miller, Indalecio"]
[Result "1-0"]
[WhiteElo "2321"]
[BlackElo "1940"]
[EventDate "2012.10.12"]
[PlyCount "111"]

1.Nf3 Nf6 2.c4 c5 3.Nc3 Nc6 4.g3 g6 5.Bg2 Bg7 6.O-O O-O 7.d4 cxd4 8.Nxd4 
Nxd4 9.Qxd4 d6 10.b3 d5 11.Qh4 Be6 12.Rd1 Qa5 13.cxd5 Nxd5 14.Nxd5 Bxa1 
15.Nxe7+ Kh8 16.Bg5 Bg7 17.Bxb7 Rae8 18.Bc6 Rb8 19.Ba4 Qc3 20.Qe4 Rb4 21.
Qe3 Rb7 22.Qxc3 Bxc3 23.Nd5 Bxd5 24.Rxd5 Kg7 25.Kg2 Bf6 26.Be3 Rd8 27.Ra5 
Bd4 28.Bf4 Bb6 29.Ra6 Re7 30.Bb5 Rd5 31.a4 Rxb5 32.axb5 Rxe2 33.Be3 Bxe3 
34.Kf3 Rb2 35.fxe3 Rxb3 36.Ra5 Rb4 37.Ke2 Rb2+ 38.Kd3 Rxh2 39.Rxa7 Rb2 40.
Kc4 h5 41.Kc5 Rb3 42.b6 Rxe3 43.Ra4 Re8 44.b7 Rb8 45.Kc6 f5 46.Kc7 Rf8 47.
b8=Q Rxb8 48.Kxb8 Kf6 49.Kc7 Ke5 50.Rh4 g5 51.Rxh5 g4 52.Rh1 f4 53.Re1+ 
Kf5 54.Rf1 Ke4 55.Rxf4+ Ke3 56.Rxg4 1-0

[Event "21st Panam-ch"]
[Site "Mar del Plata ARG"]
[Date "2012.10.12"]
[Round "1.46"]
[White "Ortiz, Jorge"]
[Black "Abdalla, Luiz Guilherme Aurelli"]
[Result "0-1"]
[WhiteElo "1932"]
[BlackElo "2316"]
[EventDate "2012.10.12"]
[PlyCount "120"]

1.e4 c5 2.Nf3 e6 3.d4 cxd4 4.Nxd4 Nf6 5.Nc3 d6 6.Bb5+ Nbd7 7.O-O a6 8.Be2 
b5 9.a3 Bb7 10.f3 Be7 11.Kh1 O-O 12.Be3 Rc8 13.Qe1 Ne5 14.Nb3 Qc7 15.Qf2 
d5 16.Bb6 Qb8 17.Ba7 Qa8 18.Bd4 Nc4 19.e5 Nd7 20.Bxc4 dxc4 21.Na5 Bd5 22.
Rad1 Nc5 23.Nxd5 Qxd5 24.Bxc5 Qxc5 25.Qxc5 Bxc5 26.Nb7 g5 27.Nd6 Rcd8 28.
Nb7 Rc8 29.Nd6 Rcd8 30.Nb7 Rxd1 31.Rxd1 Rc8 32.g3 Be3 33.Kg2 Rc7 34.Nd6 
Rd7 35.c3 Bc5 36.f4 g4 37.h3 h5 38.hxg4 hxg4 39.Kf1 Kf8 40.Ke2 f5 41.Rd2 
Ke7 42.Nc8+ Kd8 43.Nd6 Bxd6 44.exd6 Kc8 45.a4 Kb7 46.axb5 axb5 47.b3 cxb3 
48.Rb2 Rxd6 49.Rxb3 Kc6 50.Rb4 Kc5 51.Rb3 Ra6 52.Rb2 Ra1 53.Kf2 Rc1 54.Re2
Rxc3 55.Rxe6 Kb4 56.Re5 Rc5 57.Ke3 Rxe5+ 58.fxe5 Kc5 59.Kf4 b4 60.Kxf5 b3 
0-1

[Event "21st Panam-ch"]
[Site "Mar del Plata ARG"]
[Date "2012.10.12"]
[Round "1.47"]
[White "Estrada Nieto, Julian"]
[Black "Brizzi, Victor Emmanuel"]
[Result "1-0"]
[WhiteElo "2310"]
[BlackElo "1930"]
[EventDate "2012.10.12"]
[PlyCount "22"]

1.e4 c5 2.Nf3 g6 3.c3 Bg7 4.d4 cxd4 5.cxd4 d5 6.e5 Bg4 7.Qa4+ Nc6 8.Bb5 
Qc7 9.O-O Nh6 10.Nbd2 O-O 11.b3 Bc8 {Ilegible} 1-0